[Event "Muenster op-B 39th"]
[Site "Muenster"]
[Date "2022.10.06"]
[Round "5"]
[White "Wild, Alexander"]
[Black "Jacob, Phil"]
[Result "1-0"]
[WhiteElo "1794"]
[BlackElo "1279"]
[PlyCount "73"]
[EventDate "2022.10.03"]
[EventType "swiss"]
[EventRounds "7"]
[EventCountry "GER"]
[SourceTitle "EXT 2023"]
[Source "ChessBase"]
[SourceDate "2022.10.05"]
[SourceVersion "1"]
[SourceVersionDate "2022.10.05"]
[SourceQuality "1"]

1. d4 Nf6 2. c4 g6 3. Nc3 Bg7 4. e4 d6 5. f3 0-0 6. Be3 Na6 7. Qd2 c5 8. d5 Bd7 9. g4 Nc7 10. h4 a6 11. Bh6 b5 12. h5 bxc4 13. a4 Rb8 14. Bxg7 Kxg7 15. Bxc4 e6 16. hxg6 fxg6 17. 0-0-0 exd5 18. Qh6+ Kg8 19. Nxd5 Ncxd5 20. e5 Kh8 21. Bxd5 dxe5 22. Be6 Rb7 23. Bxd7 Rxd7 24. Rxd7 Qxd7 25. Qxf8+ Ng8 26. Qxc5 Qe6 27. Ne2 a5 28. Nc3 Qf6 29. Qe3 Ne7 30. g5 Qf5 31. f4 Nc6 32. Qe4 Qe6 33. fxe5 Nb4 34. Qa8+ Kg7 35. Qb7+ Kf8 36. Qb8+ Kg7 37. Qc7+ 1-0